00840nam a2200229 i 4500001000700000003000900007005001700016007000300033008004100036020001800077080002100095080003600116245014500152260004700297300003100344500004300375600003900418650005100457655004000508710002900548852003300577128169ES-MaACL20230906193200.0t|070625s1990 fr ||||1| fre d a2-85850-591-8 a72(460)(083.824) a72 Jujol, Josep Maria (083.824)00aJosep Maria Jujol architecte, 1879-1949 b: 19 décembre 1990-25 février 1991, Centre de Création Industrielle Centre Georges Pompidou. aParis : bCentre Georges Pompidou, c1990. a[24] p. : bil. ; c31 cm. aBiblioteca Jacinto Martínez Lacalle.14aJujol, Josep Maria-vExposiciones. 4aArquitectura española-yS.XX-vExposiciones. 72tgfbneaCatálogos de exposiciones2 aCentre Georges Pompidou. aES-MaACLjE-11746 bR.139776